Aranceles de aduanas para la Isla de Cuba autorizado por Real Decreto de 8 de agosto de 1897. (Record no. 25273)

MARC details
000 -LEADER
campo de control de longitud fija 00532nam a2200157 i 4500
001 - NÚMERO DE CONTROL
campo de control 25273
003 - IDENTIFICADOR DE NÚMERO DE CONTROL
campo de control ES-MaACL
007 - CAMPO FIJO DE DESCRIPCIÓN FÍSICA--INFORMACIÓN GENERAL
campo de control de longitud fija t|
008 - DATOS DE LONGITUD FIJA--INFORMACIÓN GENERAL
campo de control de longitud fija 021223s1897 sp ||||1| spa d
245 00 - MENCIÓN DEL TÍTULO
Título Aranceles de aduanas para la Isla de Cuba autorizado por Real Decreto de 8 de agosto de 1897.
260 ## - PUBLICACIÓN, DISTRIBUCIÓN, ETC.
Lugar de publicación, distribución, etc. Madrid :
Nombre del editor, distribuidor, etc. [s.n.,
Fecha de publicación, distribución, etc. 1897] (
Fabricante Vda. de M. Minuesa de los Ríos)
300 ## - DESCRIPCIÓN FÍSICA
Extensión 405 p. ;
Dimensiones 23 cm.
500 ## - NOTA GENERAL
Nota general Precede al tít.: Ministerio de Ultramar.
710 1# - ENTRADA AGREGADA--NOMBRE DE ENTIDAD CORPORATIVA
Nombre de entidad corporativa o nombre de jurisdicción como elemento de entrada España.
Unidad subordinada Ministerio de Ultramar.
9 (RLIN) 3937
852 ## - LOCALIZACIÓN
Ubicación ES-MaACL
Número de control de estantería G-6085
Holdings
Estatus retirado Estado de pérdida Estado de daño No para préstamo Colección Biblioteca de origen Biblioteca actual Ubicación en estantería Fecha de adquisición Fuente de adquisición Total de préstamos Signatura topográfica completa Código de barras Visto por última vez Precio de reemplazo Tipo de ítem Koha
        Libros del s. XIX Biblioteca del Ateneo de Madrid Biblioteca del Ateneo de Madrid Depósito 2 17/01/2008     G-6085 1026056 23/02/2023 23/02/2023 Libro impreso antiguo